Statistics for Rooster Teeth and Achievement Hunter

Click here to take the quiz!

General Stats

  • This quiz has been taken 582 times
    (574 since last reset)
  • The average score is 19 of 24

Answer Stats

HintAnswer% Correct
Voice of GrifGeoff Ramsey
100%
First Achievement HunterGeoff Ramsey
100%
FourthGavin Free
97%
SecondJack Pattillo
96%
ThirdMichael Jones
96%
FifthRay Narvaez Jr
96%
Founder / Voice of ChurchBurnie Burns
95%
SixthRyan Haywood
95%
Voice of SimmondsGus Sorola
93%
EditorLindsay Tuggey
92%
Voice of Ruby (RWBY)Lindsay Tuggey
92%
Voice of Yang (RWBY)Barbara Dunkelman
88%
Voice of CabooseJoel Heyman
88%
CEO / Voice of SargeMatt Hullum
86%
Writer of Red vs Blue & RWBYKerry Shawcross
76%
Lead animatorMonty Oum
76%
Writer of Red vs Blue & RWBYMiles Luna
73%
Community ManagerCaleb Denecour
69%
Walked to MordorChris Demarais
66%
Rooster Teeth Animated AdventuresJordan Cwierz
63%
Voice of Weiss (RWBY)Kara Eberle
55%
Voice of Blake (RWBY)Arryn Zech
42%
Voice of TuckerJason Saldana
37%
Voice of TexKathleen Zuelch
30%

Score Distribution

Percentile by Number Answered

Percent of People with Each Score

Your Score History

You have not taken this quiz since the last reset